Alaska And Its History / (Record no. 616537)
[ view plain ]
| 000 -LEADER | |
|---|---|
| fixed length control field | 00381nam a22001457a 4500 |
| 020 ## - INTERNATIONAL STANDARD BOOK NUMBER | |
| Qualifying information | HB. |
| 040 ## - CATALOGING SOURCE | |
| Transcribing agency | Fizza Ishaq |
| 082 ## - DEWEY DECIMAL CLASSIFICATION NUMBER | |
| Classification number | 940.53 |
| Author Mark | MOR |
| 100 ## - MAIN ENTRY--PERSONAL NAME | |
| Personal name | Sherwood, Morgan. |
| 9 (RLIN) | 133591 |
| 245 ## - TITLE STATEMENT | |
| Title | Alaska And Its History / |
| Statement of responsibility, etc. | Morgan Sherwood. |
| 250 ## - EDITION STATEMENT | |
| Edition statement | 1st Ed. |
| 260 ## - PUBLICATION, DISTRIBUTION, ETC. | |
| Name of publisher, distributor, etc. | Univ. of Washington Press, |
| Date of publication, distribution, etc. | 1967. |
| 300 ## - PHYSICAL DESCRIPTION | |
| Extent | 475 p. ; |
| Dimensions | 9.3 x 6.2 x 1.7 inches |
| 942 ## - ADDED ENTRY ELEMENTS (KOHA) | |
| Source of classification or shelving scheme | |
| Koha item type | Book |
| Withdrawn status | Lost status | Source of classification or shelving scheme | Damaged status | Not for loan | Permanent Location | Current Location | Shelving location | Date acquired | Total Checkouts | Full call number | Barcode | Date last seen | Price effective from | Koha item type |
|---|---|---|---|---|---|---|---|---|---|---|---|---|---|---|
| NUST Baluchistan Campus (NBC) | NUST Baluchistan Campus (NBC) | General Stacks | 03/06/2026 | 940.53 MOR | QD-552 | 03/06/2026 | 03/06/2026 | Book |
